Pick the Odd One Out - History - Statistics

General Stats
  • This quiz has been taken 42 times
  • The average score is 7 of 10
Answer Stats
Question Answer % Correct
Italian Explorers Ferdinand Magellan
100%
Chinese Dynasties Lodi
100%
Ancient Civilisations of the Americas Maori
100%
Chinese regions with strong Independent Movements Sumatra
100%
Ancient alphabets still in use today Egyptian
80%
Bronze Age Empires Aztec
60%
Empires that have occupied the Iberian peninsula Hunnic Empire
60%
Spanish Autonomous regions' Namesakes Catalonia, China
40%
Mongol Khanates after the Empire Mughal
40%
Ancient African empires Zulu Empire
40%
No matching quizzes found
Score Distribution
Percent of People with Each Score
Percentile by Number Answered
Your Score History
You have not taken this quiz